Presidents of the USA in the 1800s - Statistics

General Stats
  • This quiz has been taken 71 times
  • The average score is 19 of 24
Answer Stats
Year President % Correct
1861-1865 Abraham Lincoln
97%
1801-1809 Thomas Jefferson
97%
1793-1801 John Adams
95%
1825-1829 John Quincy Adams
95%
1829-1837 Andrew Jackson
92%
1809-1817 James Madison
88%
1869-1877 Ulysses S. Grant
86%
1865-1869 Andrew Johnson
85%
1817-1825 James Monroe
85%
1841-1945 John Tyler
76%
1837-1841 Martin Van Buren
76%
1897-1901 William McKinley
76%
1885-1889 Grover Cleveland
75%
1893-1897 Grover Cleveland
75%
1841 William Henry Harrison
75%
1889-1893 Benjamin Harrison
73%
1881 James A. Garfield
73%
1845-1849 James K. Polk
73%
1849-1850 Zachary Taylor
73%
1857-1861 James Buchanan
69%
1850-1853 Millard Fillmore
69%
1853-1857 Franklin Pierce
63%
1877-1881 Rutherford B. Hayes
56%
1881-1885 Chester A. Arthur
54%
No matching quizzes found
Score Distribution
Percent of People with Each Score
Percentile by Number Answered
Your Score History
You have not taken this quiz